Mi binomio : (Registro nro. 35503)
[ vista simple ]
| 000 -CABECERA | |
|---|---|
| campo de control de longitud fija | 00817nam a2200217 a 4500 |
| 001 - NÚMERO DE CONTROL | |
| campo de control | 000036012 |
| 005 - FECHA Y HORA DE LA ÚLTIMA TRANSACCIÓN | |
| campo de control | 20200930074811.0 |
| 008 - DATOS DE LONGITUD FIJA--INFORMACIÓN GENERAL | |
| campo de control de longitud fija | 111123s2011 dr 000 0 spa d |
| 020 ## - NÚMERO INTERNACIONAL ESTÁNDAR DEL LIBRO | |
| Número Internacional Estándar del Libro | 9789945004700 |
| 040 ## - FUENTE DE LA CATALOGACIÓN | |
| Centro catalogador/agencia de origen | DO-SdBNP |
| Lengua de catalogación | spa |
| Centro/agencia transcriptor | BNPHU |
| 082 ## - NÚMERO DE LA CLASIFICACIÓN DECIMAL DEWEY | |
| Número de clasificación | xxx |
| Número de documento/Ítem | S715m, 2011 |
| 100 1# - ENTRADA PRINCIPAL--NOMBRE DE PERSONA | |
| Nombre de persona | Sosa Sosa, Diego A., |
| Fechas asociadas al nombre | 1966- |
| 9 (RLIN) | 3236 |
| 245 10 - MENCIÓN DE TÍTULO | |
| Título | Mi binomio : |
| Resto del título | ¿Forastero Yo? una historia de cambios ; Click ¿Quién tiene el control de tu vida? / |
| Mención de responsabilidad, etc. | Diego A. Sosa Sosa. |
| 250 ## - MENCIÓN DE EDICIÓN | |
| Mención de edición | 2a ed. |
| 260 ## - PUBLICACIÓN, DISTRIBUCIÓN, ETC. | |
| Lugar de publicación, distribución, etc. | Santo Domingo : |
| Nombre del editor, distribuidor, etc. | Búho, |
| Fecha de publicación, distribución, etc. | 2011. |
| 300 ## - DESCRIPCIÓN FÍSICA | |
| Extensión | 248 p. ; |
| Dimensiones | 23 cm. |
| 501 ## - NOTA DE "CON" | |
| Nota de “Con” | Publicado con: ¿Forastero y yo? Una historia de cambios |
| 501 ## - NOTA DE "CON" | |
| Nota de “Con” | Publicado con: Click ¿Quién tiene el control de tu vida? |
| 740 12 - PUNTO DE ACCESO ADICIONAL--TÍTULO RELACIONADO O ANALÍTICO NO CONTROLADO | |
| Título relacionado o analítico no controlado | ¿Forastero y yo? Una historia de cambios |
| 740 02 - PUNTO DE ACCESO ADICIONAL--TÍTULO RELACIONADO O ANALÍTICO NO CONTROLADO | |
| Título relacionado o analítico no controlado | Click ¿Quién tiene el control de tu vida? |
| Estado de retiro | Estado de pérdida | No para préstamo | Código de colección | Localización permanente | Ubicación/localización actual | Ubicación en estantería | Fecha de adquisición | Número de inventario | Total de préstamos | Signatura topográfica completa | Código de barras | Fecha visto por última vez | Número de copia | Precio válido a partir de | Tipo de ítem Koha |
|---|---|---|---|---|---|---|---|---|---|---|---|---|---|---|---|
| Excluido de préstamo | Dominicana de Servicio | General | General | En catalogación | 23.11.2011 | LF1 | xxx S715m, 2011 | 36012-30 | 25.06.2020 | e. 3 | 25.06.2020 | Libro y Folleto Colección Dominicana de Servicio | |||
| Excluido de préstamo | Patrimonio Dominicano | Patrimonio Dominicano | Patrimonio Dominicano | En catalogación | 23.11.2011 | LF1 | xxx S715m, 2011 | 36012-10 | 25.06.2020 | 25.06.2020 | Libro y Folleto Colección Patrimonio Dominicano | ||||
| Excluido de préstamo | Patrimonio Dominicano | Patrimonio Dominicano | Patrimonio Dominicano | En catalogación | 23.11.2011 | LF1 | xxx S715m, 2011 | 36012-20 | 25.06.2020 | e. 2 | 25.06.2020 | Libro y Folleto Colección Patrimonio Dominicano |
